000 00514nam a2200193Ia 4500
999 _c11286
_d11286
008 141014s9999||||xx |||||||||||||| ||und||
010 _a11136
020 _aSISBN
040 _aANE
041 _aEs
082 _a346.983 C591 T.7 Ejm.2
100 _aClaro Solar, Luis
245 _aExplicaciones de Derecho Civil Chileno y Comparado,
_bDe la Sucesión
250 _aS/E
260 _c1979
_bJuridica de Chile, Santiago de Chile
300 _a473p/502p/576p
_c 26 cm
650 _aDerecho Civil Chileno y Comparado,
650 _aDe la Sucesión
942 _cBK
_2ddc
_zmbc